Score 0/20 Timer 08:00
0 Plays Today
% Correct
'Walden' by Henry David Thoreau
94.1%
'Why Not Me?' by Mindy Kaling
91.2%
'Angela's Ashes' by Frank McCourt
91.2%
'Prague Winter: A Personal Story of Remembrance and War, 1937-1948' by Madeleine Albright
88.2%
'My Life in France' by Julia Child
88.2%
'Kitchen Confidential' by Anthony Bourdain
82.4%
'Long Walk to Freedom' by Nelson Mandela
82.4%
'The Autobiography of Malcolm X'
82.4%
'If You Ask Me (And Of Course You Won't)' by Betty White
79.4%
'Eat, Pray, Love' by Elizabeth Gilbert
79.4%
% Correct
'Night' by Elie Wiesel
79.4%
'Wild' by Cheryl Strayed
73.5%
'Tuesdays with Morrie' by Mitch Albom
70.6%
'Out of Africa' by Isak Dinesen
70.6%
'I, Tina' by Tina Turner
70.6%
'The Glass Castle' by Jeannette Walls
67.6%
'On the Road' by Jack Kerouac
67.6%
'The Personal Memoirs of Ulysses S. Grant'
67.6%
'Life Itself: A Memoir' by Roger ****
58.8%
'Small Fry' by Lisa Brennan-Jobs
47.1%
Remove Ads.
Support Sporcle.
Get the best of Sporcle when you Go Orange. This ad-free experience offers more features, more stats, and more fun while also helping to support Sporcle. Thank you for becoming a member.

You're not logged in!

Compare scores with friends on all Sporcle quizzes.
OR
Log In

Show Comments

Extras

Created Dec 14, 2018ReportNominate
Tags:Autobiography, First Line, memoir

Top Quizzes Today


Score Distribution

Your Account Isn't Verified!

In order to create a playlist on Sporcle, you need to verify the email address you used during registration. Go to your Sporcle Settings to finish the process.

Report this User

Report this user for behavior that violates our Community Guidelines.

Details: